00253cam a22000857a 4500008004000000082001900040245003500059260006200094300001100156180718b1976 xxu||||| |||| 00| 0 eng d aL8x5452/M267/2 aThe Madras account code, vol.2 aTamil NadubThe Director of Stationery and Printingc1976 a147+p.